[Event "Arco op 42nd"]
[Site "Arco"]
[Date "2020.10.18"]
[Round "9.33"]
[White "Baruzzo, Fabio"]
[Black "Von Wantoch Rekowski, Markus"]
[Result "1-0"]
[WhiteElo "1849"]
[BlackElo "1992"]
[PlyCount "58"]
[EventDate "2020.10.10"]
[EventType "swiss"]
[EventRounds "9"]
[EventCountry "ITA"]
[SourceTitle "CBM 198 Extra"]
[Source "ChessBase"]
[SourceDate "2020.11.30"]
[SourceVersion "1"]
[SourceVersionDate "2020.11.30"]
[SourceQuality "1"]

1. c4 e5 2. Nc3 Nf6 3. g3 Bb4 4. Bg2 0-0 5. e4 Re8 6. Nge2 Nc6 7. 0-0 Nd4 8. d3 c6 9. h3 Nxe2+ 10. Qxe2 d6 11. Na4 Qa5 12. b3 d5 13. a3 Bf8 14. Bd2 Qd8 15. Kh2 dxc4 16. dxc4 Bd6 17. Bc3 Qc7 18. Rad1 b5 19. Nb2 Bxa3 20. Nd3 Nd7 21. Qh5 f6 22. f4 Bd6 23. c5 Nxc5 24. Nxc5 Bxc5 25. fxe5 g6 26. Qh6 fxe5 27. h4 Bg4 28. Ra1 Bf8 29. Qe3 Be6 1-0

[Event "Venice Autumn op-A 23rd"]
[Site "Venice S Leonardo"]
[Date "2016.11.01"]
[Round "5.5"]
[White "Baruzzo, Fabio"]
[Black "Tomio, Dante"]
[Result "1-0"]
[WhiteElo "1821"]
[BlackElo "1911"]
[PlyCount "79"]
[EventDate "2016.10.29"]
[EventType "swiss"]
[EventRounds "6"]
[EventCountry "ITA"]
[SourceTitle "EXT 2023"]
[Source "ChessBase"]
[SourceDate "2022.10.05"]
[SourceVersion "1"]
[SourceVersionDate "2022.10.05"]
[SourceQuality "1"]

1. c4 c5 2. Nc3 Nc6 3. g3 g6 4. Bg2 Bg7 5. e3 d6 6. Nge2 e6 7. d4 cxd4 8. exd4 Nge7 9. 0-0 0-0 10. Rb1 d5 11. c5 Nf5 12. Be3 Nxe3 13. fxe3 Bh6 14. Nf4 a6 15. b4 Bd7 16. Na4 Qc7 17. Nb6 Rad8 18. a4 Ne7 19. Qe2 Nc6 20. Nxd7 Qxd7 21. b5 axb5 22. Qxb5 Ne7 23. Qxb7 Nf5 24. Qxd7 Rxd7 25. Kf2 Ra7 26. Rb4 Rfa8 27. Ra1 Ne7 28. Bf1 e5 29. dxe5 Nc6 30. Rb6 Nxe5 31. c6 Ng4+ 32. Ke2 Re8 33. Nxd5 Bxe3 34. Nxe3 Nxe3 35. Kf2 Nxf1 36. Kxf1 Re4 37. a5 Rc4 38. a6 Kg7 39. Rb7 Ra8 40. c7 1-0

[Event "Venice Autumn op-A 23rd"]
[Site "Venice S Leonardo"]
[Date "2016.11.01"]
[Round "6.4"]
[White "Gaion, Giancarlo"]
[Black "Baruzzo, Fabio"]
[Result "0-1"]
[WhiteElo "1906"]
[BlackElo "1821"]
[PlyCount "87"]
[EventDate "2016.10.29"]
[EventType "swiss"]
[EventRounds "6"]
[EventCountry "ITA"]
[SourceTitle "EXT 2023"]
[Source "ChessBase"]
[SourceDate "2022.10.05"]
[SourceVersion "1"]
[SourceVersionDate "2022.10.05"]
[SourceQuality "1"]

1. Nf3 d5 2. d4 e6 3. e3 c5 4. b3 Nf6 5. Bd3 cxd4 6. exd4 Nc6 7. Bb2 Bd6 8. Nbd2 h6 9. a3 a5 10. 0-0 0-0 11. Ne5 Qb6 12. Ndf3 Bxe5 13. Nxe5 Nxe5 14. dxe5 Nh7 15. Bd4 Qd8 16. Qe2 Qh4 17. Bc5 Rd8 18. g3 Qh3 19. Bb6 Rf8 20. Bb5 Ng5 21. Bc5 Rd8 22. Be7 Bd7 23. f4 Bxb5 24. Qxb5 Re8 25. Bxg5 hxg5 26. Qd3 gxf4 27. Rxf4 Re7 28. Raf1 g5 29. Rf6 Qh5 30. Qd2 Kg7 31. R1f2 a4 32. Qb4 Rc7 33. c4 dxc4 34. bxc4 Qd1+ 35. Kg2 Qd4 36. Qb2 Qxb2 37. Rxb2 Ra5 38. Rb5 Rxb5 39. cxb5 Rc5 40. h4 Rxb5 41. hxg5 Rxe5 42. Rf4 b5 43. Kf3 Rxg5 44. Rb4 0-1

[Event "Venice Autumn op-A 23rd"]
[Site "Venice S Leonardo"]
[Date "2016.10.30"]
[Round "2.10"]
[White "Cesaro, Giuliano"]
[Black "Baruzzo, Fabio"]
[Result "0-1"]
[WhiteElo "1893"]
[BlackElo "1821"]
[PlyCount "116"]
[EventDate "2016.10.29"]
[EventType "swiss"]
[EventRounds "6"]
[EventCountry "ITA"]
[SourceTitle "EXT 2023"]
[Source "ChessBase"]
[SourceDate "2022.10.05"]
[SourceVersion "1"]
[SourceVersionDate "2022.10.05"]
[SourceQuality "1"]

1. d4 d5 2. Nf3 e6 3. g3 c5 4. Bg2 Nc6 5. 0-0 cxd4 6. Nxd4 Bc5 7. Nb3 Bb6 8. Na3 Nge7 9. c4 0-0 10. c5 Ba5 11. Nb5 a6 12. Nd6 Bc7 13. Nxc8 Rxc8 14. e4 d4 15. f4 b6 16. Kh1 a5 17. cxb6 Bxb6 18. Bd2 a4 19. Nc1 Ba5 20. Nd3 Qb6 21. Rc1 Bxd2 22. Qxd2 Na5 23. Ne5 Rcd8 24. Rfd1 Ng6 25. Nc4 Nxc4 26. Rxc4 Rb8 27. Rxd4 Qxb2 28. Qxb2 Rxb2 29. Rxa4 Rc8 30. Rad4 Rcc2 31. Rd8+ Nf8 32. Bf3 Rxh2+ 33. Kg1 g6 34. a4 Rhf2 35. Bh1 Kg7 36. a5 Ra2 37. a6 Rfb2 38. R8d6 Rb3 39. e5 Rxg3+ 40. Kf1 h5 41. Bb7 h4 42. R1d3 Rg4 43. R6d4 g5 44. fxg5 Rxg5 45. Rxh4 Rxe5 46. Rhh3 Rea5 47. Rhg3+ Ng6 48. Rdf3 f5 49. Rc3 f4 50. Rh3 Kf6 51. Bc8 Rb5 52. Rc1 e5 53. Rc6+ Kg5 54. Rhc3 Ne7 55. R6c5 Rxc5 56. Rxc5 Nxc8 57. Rxe5+ Kg4 58. Re8 Nb6 0-1

[Event "Arvier op 2nd"]
[Site "Arvier"]
[Date "2015.07.27"]
[Round "2"]
[White "Gromovs, Sergejs"]
[Black "Baruzzo, Fabio"]
[Result "1-0"]
[WhiteElo "2123"]
[BlackElo "1802"]
[PlyCount "113"]
[EventDate "2015.07.26"]
[EventType "swiss"]
[EventRounds "7"]
[EventCountry "ITA"]
[SourceTitle "EXT 2016"]
[Source "ChessBase"]
[SourceDate "2015.10.08"]
[SourceVersion "1"]
[SourceVersionDate "2015.10.08"]
[SourceQuality "1"]

1. d4 d5 2. c4 e6 3. Nc3 c5 4. cxd5 exd5 5. Nf3 Nc6 6. g3 Nf6 7. Bg2 Be7 8. 0-0 0-0 9. Bg5 cxd4 10. Nxd4 h6 11. Be3 Re8 12. Rc1 Bf8 13. Qd2 Ne5 14. b3 Bb4 15. Nc2 Bxc3 16. Qxc3 Nc6 17. Rfd1 Be6 18. Nd4 Rc8 19. Nxc6 Rxc6 20. Qd3 Qa5 21. a4 a6 22. Bd4 Bg4 23. f3 Bd7 24. Rxc6 bxc6 25. Rc1 Rb8 26. h4 Nh5 27. g4 Nf4 28. Qe3 Ne6 29. Be5 Rb7 30. f4 Qb4 31. f5 Nf8 32. f6 gxf6 33. Bxf6 Qxg4 34. Qxh6 Nh7 35. Rc3 Rb4 36. Be5 Qg6 37. Rg3 Rg4 38. Rxg4 Bxg4 39. Qe3 Bf5 40. Kf1 Be6 41. Bf3 Nf6 42. Qb6 Nd7 43. Qd8+ Nf8 44. Bd6 Qh6 45. h5 d4 46. b4 Qc1+ 47. Kg2 Qh6 48. Bxf8 Qxf8 49. Qxf8+ Kxf8 50. Bxc6 Bc4 51. b5 axb5 52. Bxb5 Bd5+ 53. Kg3 Kg7 54. Kf4 Kh6 55. Ke5 Ba8 56. Be8 Kxh5 57. Bxf7+ 1-0

[Event "Padova Del Santo op 1st"]
[Site "Padova"]
[Date "2014.02.16"]
[Round "5"]
[White "Baruzzo, Fabio"]
[Black "Balzan, Alessandro"]
[Result "1-0"]
[WhiteElo "1912"]
[BlackElo "1707"]
[PlyCount "69"]
[EventDate "2014.02.14"]
[EventType "swiss"]
[EventRounds "5"]
[EventCountry "ITA"]
[SourceTitle "EXT 2022"]
[Source "ChessBase"]
[SourceDate "2021.10.06"]
[SourceVersion "1"]
[SourceVersionDate "2021.10.06"]
[SourceQuality "1"]

1. c4 c5 2. Nc3 e6 3. e4 Nc6 4. g3 Nf6 5. Bg2 d6 6. Nge2 Be7 7. 0-0 0-0 8. d4 cxd4 9. Nxd4 Bd7 10. Ndb5 Ne8 11. Be3 a6 12. Nd4 Bf6 13. Nde2 Ne5 14. b3 Bc6 15. Nd4 Bd7 16. Rc1 Nc6 17. Nde2 Qe7 18. Na4 b5 19. Nb6 Rb8 20. c5 e5 21. cxd6 Qe6 22. Bc5 Bd8 23. Nxd7 Qxd7 24. f4 Bb6 25. fxe5 Bxc5+ 26. Rxc5 Qa7 27. Qc1 Nxe5 28. b4 Nd3 29. Qc3 Nxc5 30. Qxc5 Qd7 31. e5 Rc8 32. Qd5 Rc2 33. Nf4 g5 34. Nh5 Ng7 35. Nf6+ 1-0

[Event "Aldo Abano Mogno op 15th"]
[Site "Campodarsego"]
[Date "2004.01.25"]
[Round "4"]
[White "Baruzzo, Fabio"]
[Black "Danieli, Enrico"]
[Result "0-1"]
[WhiteElo "1912"]
[BlackElo "2092"]
[PlyCount "60"]
[EventDate "2004.01.23"]
[EventType "swiss"]
[EventRounds "5"]
[EventCountry "ITA"]
[SourceTitle "EXT 2025"]
[Source "ChessBase"]
[SourceDate "2024.10.14"]
[SourceVersion "1"]
[SourceVersionDate "2024.10.14"]
[SourceQuality "1"]

1. c4 e6 2. Nc3 f5 3. d4 Nf6 4. g3 Be7 5. Bg2 0-0 6. h4 d6 7. Nh3 Nc6 8. d5 Ne5 9. Qb3 exd5 10. Nxd5 c6 11. Ndf4 Ne4 12. 0-0 Qe8 13. Be3 h6 14. Nd3 Bf6 15. Nxe5 dxe5 16. Rad1 Qe7 17. Qc2 b6 18. Kh2 Bb7 19. Bxe4 fxe4 20. Qxe4 c5 21. Qg4 Kh8 22. Qg6 Bc8 23. Ng5 hxg5 24. hxg5 Kg8 25. Kg2 Qb7+ 26. f3 Bd8 27. Rh1 Bf5 28. Qh5 e4 29. g6 exf3+ 30. exf3 Bxg6 0-1

[Event "Aldo Abano Mogno op 15th"]
[Site "Campodarsego"]
[Date "2004.01.24"]
[Round "3"]
[White "Opacic, Alexandar"]
[Black "Baruzzo, Fabio"]
[Result "1-0"]
[WhiteElo "2125"]
[BlackElo "1912"]
[PlyCount "48"]
[EventDate "2004.01.23"]
[EventType "swiss"]
[EventRounds "5"]
[EventCountry "ITA"]
[SourceTitle "EXT 2025"]
[Source "ChessBase"]
[SourceDate "2024.10.14"]
[SourceVersion "1"]
[SourceVersionDate "2024.10.14"]
[SourceQuality "1"]

1. e4 e6 2. d4 d5 3. Nd2 Nf6 4. e5 Nfd7 5. Bd3 c5 6. c3 g6 7. h4 h5 8. Ne2 b6 9. Nf3 Ba6 10. Nf4 Bxd3 11. Qxd3 Qe7 12. Ng5 Rh6 13. a4 Nc6 14. 0-0 cxd4 15. cxd4 Nb4 16. Qf3 Nc2 17. Nxd5 exd5 18. Qxd5 Rc8 19. Ne4 Qe6 20. Qxe6+ fxe6 21. Bxh6 Nxa1 22. Bxf8 Kxf8 23. Nd6 Rc2 24. Rxa1 Rxb2 1-0